Normal view
MARC view
- ITE - Ms Thesis
Entry Topical Term
001 - CONTROL NUMBER
- control field: 16510
003 - CONTROL NUMBER IDENTIFIER
- control field: NUST
005 - DATE AND TIME OF LATEST TRANSACTION
- control field: 20190703065307.0
008 - FIXED-LENGTH DATA ELEMENTS
- fixed length control field: 190703|| aca||aabn | a|a d
040 ## - CATALOGING SOURCE
- Original cataloging agency: NUST
- Transcribing agency: NUST
150 ## - HEADING--TOPICAL TERM
- Topical term or geographic name entry element: ITE - Ms Thesis
670 ## - SOURCE DATA FOUND
- Source citation: Work cat.: (NUST): Tajik, Nadia 16509, Enhancing Teachers' ICT pedagogy skills and evaluating their impact on student achievement in grade 7 Mathematics /, 2018.
